00346nam a22001337a 4500003000400000008004100004020001800045082001500063100001200078245005000090250001200140260005000152300001000202OSt240507b |||||||| |||| 00| 0 eng d a9788121931922 a153.16 ALS a ALEX,K aSoft Skills: Know Yourself and Know The World a3rd. ed aNew Delhib S Chand and Company Limitedc2024 a254 p